000 00568nam a2200205Ia 4500
001 63505
008 190719n2012 ii |||gr||||Z||||||465
020 _a13:978-0-486-48850-9
082 _a513
100 _aHorvath, John ,
_eAuthor.
245 0 _aTopological Vector Spaces And Distributions
_cBy John Horvath
_hTextual Documents
250 _aist ed.
260 _aNew York
_bDover Publications Inc.
_c2012
300 _apg449:
_c30cm.
653 _aArithmetic
653 _aMathematics
653 _aVector Spaces
653 _aG- Mathematics
942 _2ddc
_cBK
999 _c64607
_d64607